|
|
|
|
| LEADER |
00903cam a22002177i 4500 |
| 008 |
160915s2017 cau b 000 0 eng |
| 999 |
|
|
|c 346149
|d 346149
|
| 010 |
|
|
|a 2016029519
|
| 020 |
|
|
|a 9781506306896 (pbk. : alk. paper)
|
| 042 |
|
|
|a pcc
|
| 082 |
0 |
0 |
|a 306.85 SHE/F
|2 23
|
| 245 |
0 |
4 |
|a The family issues reader /
|c edited by Constance L. Shehan, University of Florida.
|
| 260 |
|
|
|a London
|b Sage
|c 2017
|
| 300 |
|
|
|a xxvi, 685 pages ;
|c 24 cm
|
| 504 |
|
|
|a Includes bibliographical references.
|
| 650 |
|
0 |
|a Families.
|
| 700 |
1 |
|
|a Shehan, Constance L.,
|e editor.
|
| 942 |
|
|
|2 ddc
|c BK
|
| 906 |
|
|
|a 7
|b cbc
|c orignew
|d 1
|e ecip
|f 20
|g y-gencatlg
|
| 955 |
|
|
|b rm15 2016-09-15
|i rm15 2016-09-15 (telework)
|a rm15 2016-09-15 to Dewey
|a xn08 2017-02-07 1 copy rec'd., to CIP ver.
|
| 952 |
|
|
|0 0
|1 0
|2 ddc
|4 0
|6 306_850000000000000_SHE_F
|7 0
|9 398502
|a PSY
|b PSY
|c ST1
|d 2019-12-05
|l 0
|o 306.85 SHE/F
|p PSY4245
|r 2019-12-05
|w 2019-12-05
|y BK
|